Logo BPK

Biblioteka

Politechniki Koszalińskiej

Słownik języka polskiego. (Rekord nr 28781)

Szczegóły MARC
000 -ETYKIETA REKORDU
podpole kontrolne o stałej długości 01671nam a2200433 i 4500
001 - NUMER KONTROLNY REKORDU
pole kontrolne 28781
003 - IDENTYFIKATOR NUMERU KONTROLNEGO REKORDU
podpole kontrolne KOSZ 005
005 - DATA OSTATNIEJ MODYFIKACJI REKORDU
podpole kontrolne 20210301141736.0
008 - POLE O STAŁEJ DŁUGOŚCI - DANE KONTROLNE
podpole kontrolne o stałej długości 971216s1988 pl g d |000 0 pol
015 ## - NUMER BIBLIOGRAFII NARODOWEJ
Numer bibliografii narodowej PB 1988/10733
035 ## - NUMER SYSTEMOWY
Numer systemowy przejętego rekordu (OCoLC)749230354
040 ## - ŹRÓDŁO KATALOGOWANIA
Instytucja, która sporządziła opis WA N
Instytucja, która utworzyła rekord WA N
Instytucja, która dokonała modyfikacji KOSZ 005/EG
-- KOSZ 005/HR
041 0# - KOD JĘZYKA
Kod języka tekstu pol
046 ## - DATY KODOWANE
Pojedyncza data lub początek okresu powstania dzieła lub zbioru dzieł 1988
080 ## - UNIWERSALNA KLASYFIKACJA DZIESIĘTNA - UKD
UKD 811.162.1'374
245 00 - TYTUŁ/ODPOWIEDZIALNOŚĆ
Tytuł Słownik języka polskiego.
Oznaczenie części/sekcji dzieła T. 2,
Tytuł części/sekcji dzieła L-P /
Pozostałe elementy strefy tytułu i oznaczenia odpowiedzialności red. nauk. Mieczysław Szymczak ; red. Hipolit Szkiłądź [et al.] ; oprac. haseł Anna Bańkowska [et al.] ; okresowo brały udział w oprac. haseł Janina Aumiller, Jolanta Mazurkiewicz, Alicja Nałęcz.
250 ## - STREFA WYDANIA
Oznaczenie wydania [Wyd. 5].
260 ## - STREFA ADRESU WYDAWNICZEGO
Miejsce wydania Warszawa :
Nazwa wydawcy/dystrybutora Państ. Wydaw. Naukowe,
Data publikacji, dystrybucji/powstania dokumentu 1988.
300 ## - STREFA OPISU FIZYCZNEGO
Objętość 1087, [1] s. ;
Rozmiary 25 cm.
336 ## - TYP ZAWARTOŚCI
Źródło (terminu i kodu) rdacontent
Termin opisujący typ zawartości Tekst
Kod określający zawartość txt
337 ## - TYP MEDIÓW
Źródło (terminu i kodu) rdamedia
Wyszczególnienie materiału Bez urządzenia pośredniczącego
Tryb odtwarzania
338 ## - TYP/RODZAJ NOŚNIKA
Źródło (terminu i kodu) rdacarrier
Hasło opisujące typ nośnika Wolumin
Kod typu nośnika nc
380 ## - FORMA I TYP PUBLIKACJI
Forma i typ publikacji Książki
380 ## - FORMA I TYP PUBLIKACJI
Forma i typ publikacji Publikacje informacyjne
388 ## - CZAS POWSTANIA
Czas powstania 1901-2000
388 ## - CZAS POWSTANIA
Czas powstania 1945-1989
650 #4 - HASŁO PRZEDMIOTOWE W FORMIE NAZWY OGÓLNEJ LUB JEDNOSTKOWEJ
Nazwa ogólna lub geograficzna Język polski
655 #4 - TERMIN INDEKSOWY - OKREŚLENIE RODZAJU/FORMY DOKUMENTU
Określenie rodzaju/formy dokumentu Słowniki polskie
658 ## - TERMIN INDEKSOWY - PRZEDMIOT PROGRAMU NAUCZANIA
Główny przedmiot programu nauczania Językoznawstwo
700 1# - HASŁO DODATKOWE - NAZWA OSOBOWA
Nazwa osobowa Bańkowska, Anna
Daty związane z nazwą (1940- ).
Określenie związku między hasłem a opisywanym materiałem Opracowanie
700 1# - HASŁO DODATKOWE - NAZWA OSOBOWA
Nazwa osobowa Aumiller, Janina.
Określenie związku między hasłem a opisywanym materiałem Opracowanie
700 1# - HASŁO DODATKOWE - NAZWA OSOBOWA
Nazwa osobowa Mazurkiewicz, Jolanta.
Określenie związku między hasłem a opisywanym materiałem Opracowanie
700 1# - HASŁO DODATKOWE - NAZWA OSOBOWA
Nazwa osobowa Nałęcz, Alicja
Określenie związku między hasłem a opisywanym materiałem Opracowanie
700 1# - HASŁO DODATKOWE - NAZWA OSOBOWA
Nazwa osobowa Szymczak, Mieczysław
Daty związane z nazwą (1927-1985)
Określenie związku między hasłem a opisywanym materiałem Redakcja
700 1# - HASŁO DODATKOWE - NAZWA OSOBOWA
Nazwa osobowa Szkiłądź, Hipolit
Określenie związku między hasłem a opisywanym materiałem Redakcja
710 2# - HASŁO DODATKOWE - NAZWA CIAŁA ZBIOROWEGO
Nazwa ciała zbiorowego lub jednostki geograficznej Państwowe Wydawnictwo Naukowe
Kod określenia powiązania pbl.
856 ## - LOKALIZACJA I DOSTĘP DO ELEKTRONICZNYCH DOKUMENTÓW ZDALNYCH
Link (URL) http://koha.tu.koszalin.pl/cgi-bin/koha/opac-detail.pl?biblionumber=28781
Tekst linku Katalog online BPK
942 ## - DODATKOWE ELEMENTY (KOHA)
Schemat klasyfikacji Uniwersalna Klasyfikacja Dziesiętna
Typ dokumentu Książka
Egzemplarze
Wycofany Status egzemplarza Uszkodzony Dostępność Lokalizacja stała Lokalizacja bieżąca Miejsce przechowywania Sygnatura Kod kreskowy Dział Typ dokumentu Kolekcja
      Tylko na miejscu Biblioteka Politechniki Koszalińskiej Biblioteka Politechniki Koszalińskiej Czytelnia BG 34674 01809350 0/9(03) Encyklopedie. Leksykony Książka  
      Tylko na miejscu Biblioteka Politechniki Koszalińskiej Biblioteka Politechniki Koszalińskiej Zbiory Wewnętrzne 35904 02187136   Książka Bibliotekarstwo
© 2023 Biblioteka Politechniki Koszalińskiej :: KOHA